Central Library OPAC University of Rajshahi

Origins of astrology / (Record no. 29008)

MARC details
000 -LEADER
fixed length control field 00859cam a2200277 4500
001 - CONTROL NUMBER
control field 29008
003 - CONTROL NUMBER IDENTIFIER
rucl marc code BD-RjUL
005 - DATE AND TIME OF LATEST TRANSACTION
control field 20211209051347.0
008 - FIXED-LENGTH DATA ELEMENTS--GENERAL INFORMATION
fixed length control field 140401s1971 nyua b 001 0 eng
020 ## - INTERNATIONAL STANDARD BOOK NUMBER
International Standard Book Number 0389041181
035 ## - SYSTEM CONTROL NUMBER
System control number (BD-RjUL)29093
040 ## - CATALOGING SOURCE
Original cataloging agency DLC
Transcribing agency DLC
Modifying agency BD-RjUL
Language of cataloging eng
041 ## - LANGUAGE CODE
Language code of text/sound track or separate title eng
082 00 - DEWEY DECIMAL CLASSIFICATION NUMBER
Classification number 133.5093
Author mark and year LIO 1971
100 1# - MAIN ENTRY--PERSONAL NAME
Personal name Lindsay, Jack,
Dates associated with a name 1900-1990.
9 (RLIN) 34970
245 10 - TITLE STATEMENT
Title Origins of astrology /
Statement of responsibility, etc. Jack Lindsay.
260 ## - PUBLICATION, DISTRIBUTION, ETC. (IMPRINT)
Place of publication, distribution, etc. New York :
Name of publisher, distributor, etc. Barnes & Noble,
Date of publication, distribution, etc. c1971.
300 ## - PHYSICAL DESCRIPTION
Pagination xii, 480 p. :
Illustrations ill. ;
Size 23 cm.
500 ## - GENERAL NOTE
General note "Written ... as a companion-piece to go with ... [the author's] The origins of alchemy in Graeco-Roman Egypt."
504 ## - BIBLIOGRAPHY, ETC. NOTE
Bibliography, etc Bibliography: p. 463-471.
Bibliography, etc Includes index.
650 #0 - SUBJECT ADDED ENTRY--TOPICAL TERM
Topical term or geographic name as entry element Astrology
General subdivision History.
9 (RLIN) 88610
942 ## - ADDED ENTRY ELEMENTS (KOHA)
Source of classification or shelving scheme Dewey Decimal Classification
Koha item type Books
Holdings
Lost status Source of classification or shelving scheme Damaged status Not for loan Collection code Permanent Location Current Location Shelving location Date acquired Source of acquisition Total Checkouts Full call number Date last seen Copy number Koha item type
  Dewey Decimal Classification   Added to bundle Non-fiction Central Library, University of Rajshahi Central Library, University of Rajshahi Reading Room 10/12/1990 Canada   133.5093 LIO 1971 01/04/2014 C-1 Books